Dans quel sons SCH a dit... ? - Statistiques

Statistiques générales
  • Ce quiz a été pris 1 369 fois
  • Le résultat moyen est 6 sur 20
Statistiques - réponses
Phrase Musique % Correct
On s'en ira, ils nous ont ni aimés, ni aidés, 45 AMG au volant, que des tes-tê d'illettrés. A7
80%
Guitarisé, oh, AC/DC, oh, on s'croise, c'est sûr, tu es tétanisé. Bande organisée
72%
J'aurais pas tout fait pour te perdre mais j't'ai perdu, heureusement qu'j'ai pas tout fait pour te plaire. Allô maman
71%
Ma mère vise aussi bien au .38 qu'elle écrit au Bic. Otto
59%
J'suis seul sans père et sans tuteur, bélier dans l'distributeur. R.A.C
51%
Et j'ai demandé des réponses à des sourds muets, revolver contre l'œil de bœuf. Marché noir
41%
Des trois-pièces et des longs imper' qui cachent les guitares, des reufs au mitard, les faits divers en hiver. Loup noir
40%
Ici bas, le temps passe vite, t'auras 30 piges après ta clope. Ça ira
33%
Un mort, le sang sèche et s'épaissit, j'suis au cœur de la brèche et du récit. Mannschaft
30%
Avoir des millions, ça fait pas pousser des c*uilles, avoir la plus bonne, ça veut pas dire qu't'es mignon. Booska Jvlivs
27%
Tout l'monde à terre et j'ai encore rien brandi, classe de ministre dans les endroits sordides. Prêt à partir
26%
Métaux des Balkans, on prend l'haut du classement et on prend ta zerga. La danse des bandits
17%
Tous les rrain-té, tous les ghettos, on a grandi te-tê dans l'étau. Liquide
15%
J'veux mourir, ridé, riche depuis tout môme, kalash' en chrome, j'les assois dessus, mathafack, j'suis venu remplir les Dôme. La Malette
14%
J'trouve pas qu'on est maudits, 10K dans un Blue Jean. 9113
11%
Trois raclis dans un Audi, on va s'tuer pour des "on dit". Haut standing
11%
On perd un proche d'une balle ou d'une maladie, les murs me parlent de c'que t'as dit hier devant trois gadjis. American Airlines
10%
Tes menaces sur ma sécurité, tu sais qu'ça fait sourire mon jnoun. Business
9%
Science infuse, mon silence fait du bruit, au-dessus d'la tête, tout le monde a un prix. Caractère
6%
J’tire et j’rends l’ennemi infirme, un coup d’feu : tout l’quartier qui turn up, les yeux noirs quand va sonner minuit. Marilyne
4%
Aucun quiz correspondant
Distribution des résultats
% des personnes avec chaque résultat
Percentile par nombre de réponses
Votre historique - résultats
Vous n’avez pas pris ce quiz